Entrevista a Jos Wuytack /

El profesor Jos Wuytack es una destacada personalidad de la educación musical contemporánea que viene ejerciendo, desde hace más de 50 años, una exitosa tarea de formador de profesores de música en países de todos los continentes del planeta. Varias generaciones de profesores han seguido sus cursos...

Descripción completa

Detalles Bibliográficos
Autor principal: Wuytack, Jos
Otros Autores: Pastor Gordero, Pasqual
Formato: Analitica de revista
Lenguaje:español
Publicado: Barcelona GRA 2013
Materias:
Acceso en línea:

MARC

LEADER 00000cab a2200000 a 4500
001 032792
003 UAHC_CL
005 20170803123538.0
008 130928s2013 sp 000 spa
022 |a 11356308 
040 |a UAHC_CL  |c UAHC_CL  |d UAHC_CL 
100 1 |a Wuytack, Jos 
245 1 0 |a Entrevista a Jos Wuytack /  |c Pasqual Pastor. 
260 |b GRA  |a Barcelona  |c 2013 
300 |a p. 99-111. 
500 |a En: Eufonía (España) 2013, (57). pp. 99-111. 
500 |a En: Eufonía (España) 2013, (57). pp. 99-111. 
520 |a El profesor Jos Wuytack es una destacada personalidad de la educación musical contemporánea que viene ejerciendo, desde hace más de 50 años, una exitosa tarea de formador de profesores de música en países de todos los continentes del planeta. Varias generaciones de profesores han seguido sus cursos de pedagogía musical. Es una persona a la que debo más de 25 años de años de amistad y de profunda relación, con la que he compartido momentos inolvidables en favor de la música y del desarrollo humano de niños y jóvenes. 
520 |a El profesor Jos Wuytack es una destacada personalidad de la educación musical contemporánea que viene ejerciendo, desde hace más de 50 años, una exitosa tarea de formador de profesores de música en países de todos los continentes del planeta. Varias generaciones de profesores han seguido sus cursos de pedagogía musical. Es una persona a la que debo más de 25 años de años de amistad y de profunda relación, con la que he compartido momentos inolvidables en favor de la música y del desarrollo humano de niños y jóvenes. 
520 |a El profesor Jos Wuytack es una destacada personalidad de la educaciÛn musical contempor·nea que viene ejerciendo, desde hace m·s de 50 aÒos, una exitosa tarea de formador de profesores de música en paÌses de todos los continentes del planeta. Varias generaciones de profesores han seguido sus cursos de pedagogÌa musical. Es una persona a la que debo m·s de 25 aÒos de aÒos de amistad y de profunda relaciÛn, con la que he compartido momentos inolvidables en favor de la música y del desarrollo humano de niÒos y jÛvenes. 
600 1 4 |a WUYTACK, JOS  |v ENTREVISTAS 
650 4 |a EDUCACION MUSICAL 
653 |a MUSICA 
653 |a PEDAGOGIA EN MUSICA 
653 |a PRODUCCION MUSICAL 
700 1 |a Pastor Gordero, Pasqual 
759 |a PP071 
773 0 |t Eufonía : didáctica de la música.  |w 032782 
900 |a EUFONIA-57/13 
942 |c REVA 
952 |0 0  |1 0  |4 0  |6 EUFONIA_57_13_000000000000000  |7 0  |8 General  |9 63212  |a BC  |b BC  |c General  |d 2017-08-03  |l 0  |o EUFONIA-57/13  |p FICTICIO3536  |r 2019-01-08 00:00:00  |t 1  |w 2017-08-03  |y REVA 
999 |c 32792  |d 32792